Política económica y desarrollo

Saved in:
Bibliografiske detaljer
Hovedforfatter: Illanes Benítez, Fernando (Author)
Format: Bog
Sprog:spansk
Udgivet: Santiago Jurídica de Chile 1979
Fag:
Tags: Tilføj Tag
Ingen Tags, Vær først til at tagge denne postø!

MARC

LEADER 00000nam a2200000 a 4500
001 UCT8560
003 CL-VaPUC
008 970326e19790700CL |||||||||||||||||spa|d
082 0 4 |a 338.9  |b ILL  |2 21 
100 |a Illanes Benítez, Fernando  |e author  |9 380709 
245 1 0 |a Política económica y desarrollo 
300 |a 382 p 
942 |c BK 
945 |d 19970326 00:00:00  |a paguirre 
260 |a Santiago  |b Jurídica de Chile  |c 1979 
650 0 |a Política económica   |9 255029 
650 0 |a Desarrollo económico y social   |9 256320 
650 7 |a SISTEMAS ECONOMICOS  |2 CL-VaPUC  |9 380344 
650 7 |a DOCTRINAS ECONOMICAS  |2 CL-VaPUC  |9 346455 
650 0 |a Economía de mercado  |9 328785 
583 |a last modification  |c 19970326 00:00:00  |k Rodrigo Vera 
999 |c 257050  |d 257048 
952 |0 0  |1 0  |4 0  |6 338_900000000000000_ILL_1979  |7 0  |8 P  |9 280280  |a BIBDER  |b BIBDER  |d 2019-11-19  |i 1813064  |o 338.9 ILL 1979  |p 1813064  |r 2023-01-25  |w 2019-11-19  |y BK  |k DER